| 000 | 00572nam a22001817a 4500 | ||
|---|---|---|---|
| 005 | 20241113160335.0 | ||
| 008 | 241113b |||||||| |||| 00| 0 eng d | ||
| 020 | _a9781398504103 | ||
| 041 | _aEng | ||
| 082 | _a338.4762 MIL | ||
| 100 | _aMiller Chris | ||
| 245 | _aChip War : The Fight for the Worlds Most Critical Technology | ||
| 260 |
_aNew York _bScribner, an imprint of Simon & Schuster _c2022 |
||
| 300 | _a431; P. 22 Cm | ||
| 365 |
_aRs _b799 _cRupees |
||
| 650 | _aIntegrated Circuits Industry; Microelectronics-History; International Relations | ||
| 942 | _cBK | ||
| 999 |
_c43144 _d43144 |
||